000 00474nam a2200193Ia 4500
008 240510s9999 xx 000 0 und d
020 _a0008178083191
041 _aEng
082 _a006.7
082 _bS72
100 _aSteinmetz ,R.:Nahrstedt ,K.
245 0 _aMultimedia Computing Communications & Applications
260 _bNew Dehli-Pearson
260 _c1999
300 _a854 p.
650 _aMultimedia :Computer Network
942 _2ddc
942 _cLBK
999 _c26956
_d26956
945 _a1
_bMadushi Gamage
_c1
_dMadushi Gamage